Capitales de la Moda - Estadísticas

Estadísticas generales
  • Esta prueba ha sido intentada 4.397 veces
  • La puntuación promedio es 12 de 20
Estadísticas de respuestas
Posición Ciudad % Correcto
1 París
99%
9 Madrid
94%
2 Nueva York
91%
3 Londres
90%
5 Roma
90%
6 Milán
86%
8 Berlín
82%
7 Barcelona
81%
10 Tokio
77%
4 Los Ángeles
72%
13 Sídney
48%
18 Río de Janeiro
45%
19 Miami
42%
16 São Paulo
32%
15 Shanghái
32%
11 Florencia
29%
14 Singapur
25%
17 Dubái
24%
12 Hong Kong
24%
20 Dallas
10%
No se encontraron pruebas coincidentes
Distribución de puntuación
Porcentaje de gente con cada puntuación
Porcentaje por número respondido
Historial de tus puntuaciones
No has intentado esta prueba.